| 000 | 00609nam a22001817a 4500 | ||
|---|---|---|---|
| 999 |
_c173013 _d173013 |
||
| 005 | 20200217154430.0 | ||
| 010 | _a405940 | ||
| 020 | _c1.00 | ||
| 035 | _a405940 | ||
| 037 | _bBPPD/Pub. | ||
| 082 | _a951.05 | ||
| 100 | _aبارنٹ، اے ڑوک | ||
| 245 |
_aچین میں کمیونسٹ انقلاب کا ماضی حال اور مستقبل / _cاے ڑوک بارنٹ |
||
| 246 |
_aChina Mein Communist Inqlab Ka Mazi Haal Aur Mustaqbal / _bby A. Doak Barnett |
||
| 260 |
_aDelhi _bHaali Publishng House _c1962 ء |
||
| 300 |
_a80p. _c18cm(Hb) |
||
| 942 |
_2ddc _cUR _h951.05 _mب ا ر |
||